| 000 | 01321nmc a2200397 a 4500 | ||
|---|---|---|---|
| 003 | AR-BaBNM | ||
| 005 | 20251128204537.0 | ||
| 008 | 011101s1987 ||||||||||||||000 | spa|| | ||
| 020 | _a950-25-1437-8 | ||
| 040 | _cAR-BaBNM | ||
| 100 | 1 | _aBaruch Bertocchi, Norberto | |
| 245 | 1 | 0 | _aLas universidades católicas |
| 260 |
_aBuenos Aires _bCentro Editor de América Latina _c1987 |
||
| 300 | 0 | _a128 p. | |
| 490 | 0 |
_aBiblioteca política Argentina _vv. 173 |
|
| 500 | 0 | _aUCA:UNIVERSIDAD CATOLICA ARGENTINA | |
| 500 | 0 | _aUNSTA:UNIVERSIDAD CATOLICA DE TUCUMAN | |
| 500 | 0 | _aUCALP:UNIVERSIDAD CATOLICA DE LA PLATA | |
| 500 | 0 | _aApéndice documental contiene:libertad de enseñanza universitaria Ley 17.604/67 y decreto 8.472/69 | |
| 500 | 0 | _aDocumentos fundacionales de la UCA y sus estatutos | |
| 600 | 1 | 4 | _aEscriva de Balaguer y Alves, Juan |
| 600 | 1 | 4 | _aDerisi, Octavio |
| 600 | 1 | 4 | _aCosta Mendez, Nicanor |
| 600 | 1 | 4 | _aVidela, Jorge Rafael |
| 600 | 1 | 4 | _aLlerena Amadeo, Jorge |
| 600 | 1 | 4 | _aIvansevich, Oscar |
| 600 | 0 | 4 | _aPablo |
| 610 | 2 | 4 | _aOpus Dei |
| 650 | 4 | _aUNIVERSIDADES PRIVADAS | |
| 650 | 4 | _aHISTORIA DE LA EDUCACION | |
| 650 | 4 | _aLIBERTAD ACADEMICA | |
| 653 | _aEDUCACION SUPERIOR | ||
| 653 | _aNOCHE DE LOS BASTONES LARGOS | ||
| 800 | 1 |
_aTroncoso, Oscar _edirector |
|
| 942 | _cBK | ||
| 999 |
_c7850 _d7850 |
||